[Event "Mukachevo Rating March 2019"]
[Site "Mukachevo"]
[Date "2019.03.12"]
[Round "1"]
[White "Tiba, Vladyslav"]
[Black "Zambo, Zoltan Istvan"]
[Result "1-0"]
[WhiteElo "2389"]
[BlackElo "2370"]
[Annotator "TA"]
[PlyCount "57"]
[EventDate "2019.??.??"]
[EventCountry "UKR"]
[SourceTitle "playchess.com"]
[Source "ChessBase"]
[SourceQuality "1"]

{[%evp 15,57,18,24,26,26,26,31,7,18,0,7,-2,38,23,28,0,16,3,0,0,0,0,99,107,154,154,229,229,632,608,639,492,549,514,560,420,776,766,685,672,600,412,616,512]} 1. e4 e5 2. Nf3 Nf6 3. Nxe5 d6 4. Nf3 Nxe4 5. Nc3 Nxc3 6. dxc3 Be7 7. Be3 Nc6 8. Qd2 Be6 9. O-O-O {C42: Petroff Defence: 3 Nxe5 and unusual White 3rd moves} Qd7 ({But not} 9... Bxa2 $2 10. b3 $18) 10. h4 (10. Kb1 Bf6 11. h4 O-O-O 12. Bg5 Qe7 13. Qf4 h6 14. Bxf6 Qxf6 15. Qxf6 gxf6 16. Nd4 Ne5 {½-½ (36) Vachier Lagrave,M (2778)-Yu,Y (2764) Shenzhen 2018}) 10... h6 ({Wrong is} 10... Bxa2 $2 11. b3 $18) 11. Nd4 {White is slightly better.} Nxd4 $1 (11... Bxa2 $2 12. b3 $18) 12. Bxd4 O-O 13. Kb1 $146 ({Predecessor:} 13. c4 Rfe8 14. Qf4 c5 15. Bc3 Bf8 16. Be2 a6 {½-½ (36) Piccoli,F (2268)-Farias,S (2235) ICCF email 2013}) 13... f5 (13... Rad8 {looks sharper.} 14. c4 c5 15. Bc3 d5 16. cxd5 Qxd5 17. Qxd5 Bxd5 18. b3 Bc6) 14. c4 (14. g3 {feels hotter.} b6 15. Bg2 Rae8 16. b3 Bf6 17. Bxf6 Rxf6 18. Rhe1) 14... Bf6 15. f4 Qf7 16. Bxf6 Qxf6 17. g3 Rfe8 18. Qa5 c6 (18... b6 $11 {remains equal.} 19. Qa4 a5) 19. Rxd6 $16 Qf7 20. b3 Qh5 (20... Qf8 $16 {was necessary.} 21. Rd1 a6) 21. Bd3 $18 g6 $2 {[#]} (21... b6 22. Qa4 Qf7) 22. Qc7 Qf3 23. Rf1 Qxg3 24. Qxb7 Bf7 25. Rd7 Re1+ (25... Rab8 $142) 26. Kb2 Rf8 27. Rxe1 Qxe1 28. h5 gxh5 (28... Qe6 $142 29. hxg6 Qxg6 30. Qxa7 h5) 29. Qxc6 {Accuracy: White = 59%, Black = 34%.} 1-0

[Event "Mukachevo Rating March 2019"]
[Site "Mukachevo"]
[Date "2019.03.12"]
[Round "1"]
[White "Shkuran, Danylo"]
[Black "Kagramanianz, Vartan"]
[Result "1/2-1/2"]
[WhiteElo "2356"]
[BlackElo "2249"]
[Annotator "TA"]
[PlyCount "60"]
[EventDate "2019.??.??"]
[EventCountry "UKR"]
[SourceTitle "playchess.com"]
[Source "ChessBase"]
[SourceQuality "1"]

{[%evp 21,60,0,0,0,11,0,-8,0,11,8,10,0,5,0,0,0,0,0,0,0,0,-2,0,0,1,0,0,0,0,0,0,0,0,0,0,0,0,0,0,0,0]} 1. d4 d5 2. c4 c6 3. cxd5 cxd5 4. Nf3 Nf6 5. Nc3 Nc6 6. Bf4 a6 7. e3 Bg4 8. Be2 e6 9. O-O Bd6 10. Bxd6 Qxd6 11. Rc1 O-O {The position is equal.} 12. Na4 {D13: Slav Defence: Exchange variation without ...Bf5} (12. h3 Bxf3 13. Bxf3 Rac8 14. Qd2 Ne7 15. Rc2 Rc7 16. Rfc1 Rfc8 17. a3 g6 18. Na4 Nd7 19. Be2 Rxc2 20. Rxc2 Rxc2 21. Qxc2 Qc6 22. Qxc6 Nxc6 {½-½ (34) Cheparinov,I (2682)-Salgado Lopez,I (2622) Dubai 2014}) 12... Nd7 13. Nd2 Bxe2 14. Qxe2 Rac8 {[#]} 15. Nb3 $146 ({Predecessor:} 15. a3 Ne7 16. Qd3 Rxc1 17. Rxc1 Rc8 18. Rxc8+ Nxc8 19. Qc2 Ne7 {½-½ (30) Pantsulaia,L (2572)-Gagunashvili,M (2553) Ureki 2015}) 15... Rc7 16. Nac5 Nxc5 17. Rxc5 Rfc8 18. Rfc1 b6 19. R5c3 Nb8 20. Rxc7 Rxc7 21. g3 Rxc1+ 22. Nxc1 Qc6 23. Qd2 a5 24. Nd3 Nd7 25. b3 g6 26. Qc1 Qxc1+ 27. Nxc1 h5 28. Nd3 Kf8 29. Kf1 Ke7 30. Ke2 Kd6 {Accuracy: White = 65%, Black = 86%.} 1/2-1/2

[Event "Mukachevo Rating March 2019"]
[Site "Mukachevo"]
[Date "2019.03.12"]
[Round "1"]
[White "Larkin, Vladyslav"]
[Black "Vanczak, Tamas"]
[Result "1/2-1/2"]
[WhiteElo "2336"]
[BlackElo "2263"]
[Annotator "TA"]
[PlyCount "56"]
[EventDate "2019.??.??"]
[EventCountry "UKR"]
[SourceTitle "playchess.com"]
[Source "ChessBase"]
[SourceQuality "1"]

{[%evp 9,56,8,53,49,69,51,46,46,52,-24,85,42,50,43,77,81,123,104,103,103,121,114,111,107,320,128,157,118,135,121,117,0,12,0,3,25,18,30,42,0,0,-9,-19,-40,0,0,0,-60,0]} 1. d4 Nf6 2. Bf4 d5 3. e3 c5 4. dxc5 (4. c3 Nc6 5. Nd2 Qb6 6. Qb3 Nh5 7. Qxb6 axb6 8. Bc7 cxd4 9. exd4 e5 10. Bxe5 Nxe5 11. dxe5 Bc5 12. g3 O-O {1-0 (76) Aronian,L (2765)-Caruana,F (2832) London 2018}) 4... Nc6 5. Bb5 Ne4 6. b4 {D00: 1 d4 d5: Unusual lines} e6 7. Nf3 Bd7 $146 ({Predecessor:} 7... g5 8. Be5 Rg8 9. Nbd2 Bd7 10. Bxc6 Bxc6 11. Nxe4 dxe4 {½-½ (25) Tomboline,D (1934)-Young,A (2072) Cardiff 2016}) 8. Bxc6 {White is slightly better.} Bxc6 9. O-O (9. Nd4 $14) 9... Be7 (9... a5 $1 $11) 10. Be5 f6 11. Bb2 O-O 12. Nd4 Bd7 {[#]} 13. c4 $1 {[%cal Bc2c4,Bc4d5][%mdl 544]} e5 (13... dxc4 14. Qc2) 14. cxd5 {Black must now prevent Nb3.} exd4 15. Qxd4 Re8 16. Qxe4 {And now d6 would win.} Bb5 $2 (16... Bxc5 $16 {keeps fighting.} 17. Qf4 Bf8) 17. Rd1 (17. d6 $18 {has better winning chances.} Bxf1 18. Kxf1) 17... Bxc5 $16 18. Qh4 Bd6 19. Nc3 Bd7 20. Ne4 ({White should try} 20. Rac1 $16) 20... g5 $11 21. Qh6 $1 Rxe4 22. Bxf6 {[%csl Gf6][%cal Rh6g7] [#]} Qf8 23. Qxg5+ Kf7 24. f3 Rxb4 {Threatens to win with ...h6.} 25. Bc3 $132 {[%mdl 2048] White is fighting back} Rc4 26. Qh5+ Kg8 27. Qg5+ Kf7 28. Qh5+ Kg8 {Precision: White = 38%, Black = 47%.} (28... Ke7 $15 29. Qg5+ Ke8) 1/2-1/2

[Event "Mukachevo Rating March 2019"]
[Site "Mukachevo"]
[Date "2019.03.12"]
[Round "1"]
[White "Terletsky, Oleg"]
[Black "Shankovskyi, Andrii"]
[Result "1/2-1/2"]
[WhiteElo "2264"]
[BlackElo "2347"]
[Annotator "TA"]
[PlyCount "109"]
[EventDate "2019.??.??"]
[EventCountry "UKR"]
[SourceTitle "playchess.com"]
[Source "ChessBase"]
[SourceQuality "1"]

{[%evp 22,109,9,13,11,10,14,0,118,33,32,27,25,11,42,10,11,0,0,0,0,-19,-12,-12,-9,-10,-10,-29,-14,-20,-2,0,0,-3,0,0,0,-2,-2,-14,-14,-9,0,0,0,0,0,-9,-9,-10,4,4,4,0,0,0,0,0,0,0,0,0,0,0,0,-8,-8,-8,-8,-8,0,0,0,0,0,-8,8,8,43,8,8,8,8,8,8,8,36,33,33,33]} 1. e4 e5 2. Nf3 Nc6 3. Nc3 Nf6 4. d4 exd4 5. Nxd4 Bb4 6. Nxc6 bxc6 7. Bd3 d5 8. exd5 O-O 9. O-O cxd5 10. Bg5 Be6 11. Ne2 h6 12. Bh4 Bg4 {C47: Scotch Four Knights and Four Knights with 4 g3} (12... Bc5 13. c3 a5 14. Nd4 Bd7 15. Qf3 Rb8 16. b3 g5 17. Bg3 Bg4 18. Qe3 Re8 19. Qc1 Rb6 20. f3 {½-½ (36) Godena,M (2485)-Iordachescu,V (2594) New Delhi/Teheran 2000}) 13. h3 Bh5 14. c3 Be7 $146 {[#]} (14... Bd6 $11 {remains equal.}) ({Predecessor:} 14... Bd6 15. Qc2 Bxe2 16. Qxe2 Re8 17. Qf3 Rb8 18. b3 Be5 19. Rac1 Qd6 20. c4 {½-½ (28) Tal,M-Antoshin,V Tbilisi 1956}) 15. Qc2 ({White should play} 15. g4 $1 $16 {Hoping for Bxf6.} g5 16. gxh5 gxh4 17. Nd4) 15... Bxe2 $14 16. Qxe2 Rb8 17. Rfe1 Ne4 18. Bxe4 Bxh4 19. Rad1 c6 20. Bb1 Bf6 21. Qc2 {[%csl Gb1][%cal Rc2h7] [#]} g6 22. b3 Qa5 23. c4 Rfe8 24. Kf1 Kg7 25. g3 Bd4 26. h4 h5 27. Qd3 $132 {[%mdl 2048] White has counterplay} Bc3 28. Rxe8 Rxe8 29. cxd5 cxd5 30. Kg2 d4 31. Qc4 Qa3 32. Rd3 Qe7 33. Rf3 Qb7 34. Bd3 Re6 35. Qb5 Qa8 36. Bc4 Rf6 37. Qd5 Qxd5 38. Bxd5 Rxf3 39. Kxf3 $11 {[%mdl 4096] Endgame KB-KB} d3 40. Ke3 d2 41. Bf3 Kf6 42. Bd1 Bb4 43. f3 Ke5 44. f4+ Kf5 45. Kf3 Bc5 46. Bc2+ Ke6 47. Ke2 Kd5 48. b4 Bg1 49. Bb3+ Kd4 50. Bxf7 Kc3 51. Bxg6 Bf2 52. Bxh5 Bxg3 53. Ke3 Kxb4 54. Bd1 {Black must now prevent h5.} Bxh4 55. Kxd2 {Accuracy: White = 61%, Black = 65%.} 1/2-1/2

[Event "Mukachevo Rating March 2019"]
[Site "Mukachevo"]
[Date "2019.03.12"]
[Round "1"]
[White "Demeter, Dorina"]
[Black "Vachylia, Andrii"]
[Result "0-1"]
[WhiteElo "2140"]
[BlackElo "2268"]
[Annotator "TA"]
[PlyCount "90"]
[EventDate "2019.??.??"]
[EventCountry "UKR"]
[SourceTitle "playchess.com"]
[Source "ChessBase"]
[SourceQuality "1"]

{[%evp 19,90,0,12,0,41,-1,0,0,10,-38,-4,-102,-85,-136,-134,-137,-151,-127,-103,-252,-255,-274,-175,-399,-389,-388,-375,-373,-364,-474,-481,-516,-458,-558,-402,-395,-401,-398,-395,-389,-386,-383,-381,-495,-497,-472,-472,-743,-735,-1116,-1116,-1110,-1068,-1116,-1114,-1114,-1107,-1093,-1079,-1017,-1002,-927,-857,-29964,-29965,-29959,-29958,-29972,-29973,-29961,-29953,-29981,-29982]} 1. Nf3 Nf6 2. c4 c6 3. d4 d5 4. Nc3 e6 5. e3 Nbd7 6. Qc2 Bd6 7. b3 O-O 8. Be2 b6 9. Bb2 Bb7 10. O-O Qe7 11. e4 {D45: Semi-Slav: 5 e3} (11. Rfd1 Rfe8 12. Rac1 Rac8 13. Bf1 c5 14. cxd5 exd5 15. dxc5 bxc5 16. Qf5 Qe6 17. Bd3 Ne5 18. Ng5 Qe7 19. Bb5 h6 20. Nf3 Nxf3+ 21. gxf3 {½-½ (81) Laznicka,V (2662)-Gelfand,B (2703) Novy Bor 2018}) 11... e5 12. cxd5 $146 ({Predecessor:} 12. exd5 cxd5 13. Nb5 e4 14. Nh4 g6 15. Nxd6 Qxd6 16. Qc1 Rfe8 17. Qg5 Qe6 18. g3 e3 19. fxe3 Qxe3+ 20. Qxe3 Rxe3 {½-½ (65) Muse,M (2443)-Stellwagen,D (2576) Germany 2007}) 12... cxd5 13. exd5 {The position is equal.} e4 14. Ng5 {[%cal Rg5e4]} Rfe8 15. Rae1 (15. Bb5 $11) 15... h6 $36 {[%mdl 2048] Black has strong initiative.} 16. Nh3 (16. Ngxe4 $142 Nxe4 17. Bb5) 16... Nxd5 $17 ({Much weaker is} 16... Bxd5 $6 17. Ba6 $11) 17. Bc4 {[%cal Re1e4]} Nxc3 18. Bxc3 Nf6 19. Qd2 (19. f3 $17) 19... Qc7 $19 20. g3 Bc8 21. Kg2 $2 (21. Nf4 {was the only defense.}) 21... Qd7 22. Ng1 b5 23. Be2 Bb7 {aiming for ...e3+.} ({Not} 23... e3 24. fxe3 Bb7+ 25. Bf3 $17) 24. f3 Rac8 25. Ba5 Nd5 26. fxe4 {[#]} Rc2 $1 {[%mdl 512]} 27. exd5 (27. Qxc2 Ne3+) 27... Rxd2 28. Bxd2 Bxd5+ 29. Bf3 Rxe1 30. Rxe1 Qf5 31. Bxd5 Qxd5+ {[%mdl 64] Double Attack} 32. Nf3 g5 33. h3 (33. Kf2 $142 Qf5 34. Re8+ Kg7 35. Ke3) 33... f5 34. g4 fxg4 35. hxg4 {[#]} h5 $1 {[%mdl 512]} 36. gxh5 g4 $1 {[%csl LRf3,LRh5]} 37. Rf1 gxf3+ 38. Rxf3 Qxd4 39. Be3 Qg4+ 40. Kf2 Qxh5 41. Bxa7 Qh2+ {Black mates.} 42. Kf1 Qxa2 43. Bb6 Qb1+ 44. Kg2 Qc2+ 45. Kf1 Qc6 {[%mdl 64] Double Attack. Accuracy: White = 23%, Black = 77%.} 0-1

[Event "Mukachevo Rating March 2019"]
[Site "Mukachevo"]
[Date "2019.03.13"]
[Round "2.1"]
[White "Vanczak, Tamas"]
[Black "Vachylia, Andrii"]
[Result "1/2-1/2"]
[WhiteElo "2263"]
[BlackElo "2268"]
[Annotator "ChessBase"]
[PlyCount "144"]
[EventDate "2019.??.??"]
[EventCountry "UKR"]
[SourceTitle "playchess.com"]
[Source "ChessBase"]
[SourceQuality "1"]
[TimeControl "40/5400+30:900+30"]

1. d4 d5 2. Bf4 Nf6 3. e3 c5 4. c3 Nc6 5. Nd2 Bf5 6. Qb3 Qd7 7. dxc5 e5 8. Bg3 Ne4 9. Nxe4 Bxe4 10. Nf3 f6 11. Be2 g5 12. Nd2 Bg6 13. h4 g4 14. h5 Bf7 15. Qa4 Bxc5 16. Bxg4 f5 17. Be2 Rg8 18. Bh4 Rxg2 19. Bf3 Rg8 20. Qb5 Be7 21. Bxe7 Nxe7 22. Qxd7+ Kxd7 23. Nb3 h6 24. Rd1 Kc7 25. Be2 a5 26. f4 a4 27. Na1 d4 28. exd4 exd4 29. Rxd4 Nc6 30. Rd2 Bxa2 31. Nc2 Bb1 32. Kf2 Bxc2 33. Rxc2 Ra5 34. Rd2 Rc5 35. Rh3 Rd8 36. Rxd8 Nxd8 37. Re3 Kd6 38. Rd3+ Ke7 39. Rd4 a3 40. bxa3 Rxc3 41. Rd3 Rxd3 42. Bxd3 Kf6 43. Ke3 Ne6 44. Be2 b6 45. Bf3 Ke7 46. Bd5 Ng7 47. Bf3 Kd6 48. Be2 Kc5 49. Bd3 Nxh5 50. Bxf5 Nf6 51. Be6 Kd6 52. Bb3 h5 53. Kf3 h4 54. Kg2 Nh5 55. Kh3 Nxf4+ 56. Kxh4 Kc5 57. Kg4 Ne2 58. Bg8 Nc3 59. Kf4 Kd4 60. Bf7 Nb5 61. a4 Nd6 62. Be6 Ne4 63. Bd7 Nc5 64. Be8 Kc4 65. Ke3 Kb4 66. Kd2 Nxa4 67. Kc2 Nc5 68. Kb2 Ne6 69. Bd7 Nd4 70. Be8 Kc5 71. Kc3 Nb5+ 72. Bxb5 Kxb5 1/2-1/2

[Event "Mukachevo Rating March 2019"]
[Site "Mukachevo"]
[Date "2019.03.13"]
[Round "2.2"]
[White "Shankovskyi, Andrii"]
[Black "Demeter, Dorina"]
[Result "1-0"]
[WhiteElo "2347"]
[BlackElo "2140"]
[Annotator "ChessBase"]
[PlyCount "63"]
[EventDate "2019.??.??"]
[EventCountry "UKR"]
[SourceTitle "playchess.com"]
[Source "ChessBase"]
[SourceQuality "1"]
[TimeControl "40/5400+30:900+30"]

1. e4 c5 2. Nf3 d6 3. c3 Nf6 4. Bd3 g6 5. Bc2 Bg7 6. d4 cxd4 7. cxd4 Nc6 8. Nc3 Bg4 9. Be3 Nd7 10. Qd2 Bxf3 11. gxf3 Nb6 12. O-O-O Nc4 13. Qe2 Nxe3 14. fxe3 Qa5 15. Kb1 O-O-O 16. Rc1 Kb8 17. Bb3 Rhf8 18. f4 Qb4 19. Rhd1 e6 20. Bc4 Na5 21. Bb5 d5 22. a3 Qd6 23. e5 Qe7 24. b4 Nb3 25. Rc2 a5 26. Rb2 axb4 27. axb4 Qxb4 28. Qc2 Rc8 29. Rxb3 Qa5 30. Kb2 Rc7 31. Ra1 Qb6 32. Be8 1-0

[Event "Mukachevo Rating March 2019"]
[Site "Mukachevo"]
[Date "2019.03.13"]
[Round "2.3"]
[White "Kagramanianz, Vartan"]
[Black "Terletsky, Oleg"]
[Result "0-1"]
[WhiteElo "2249"]
[BlackElo "2264"]
[Annotator "ChessBase"]
[PlyCount "124"]
[EventDate "2019.??.??"]
[EventCountry "UKR"]
[SourceTitle "playchess.com"]
[Source "ChessBase"]
[SourceQuality "1"]
[TimeControl "40/5400+30:900+30"]

1. d4 Nf6 2. Bf4 g6 3. Nc3 d5 4. Qd2 Bg7 5. O-O-O O-O 6. Bh6 c5 7. Bxg7 Kxg7 8. e3 cxd4 9. exd4 Nc6 10. Nf3 Bg4 11. Be2 Bxf3 12. Bxf3 b5 13. g4 e6 14. h4 Qa5 15. Kb1 b4 16. Ne2 Ne4 17. Bxe4 dxe4 18. h5 g5 19. d5 Qxd5 20. Qxd5 exd5 21. Rxd5 f6 22. Nd4 Nxd4 23. Rxd4 a5 24. h6+ Kg6 25. Rxe4 Rfe8 26. Rhe1 Rxe4 27. Rxe4 Kxh6 28. c4 bxc3 29. bxc3 Kg6 30. Kc2 Ra6 31. Rd4 f5 32. f3 fxg4 33. fxg4 h5 34. gxh5+ Kxh5 35. c4 g4 36. c5 g3 37. Kb3 Rf6 38. Rd1 Rf4 39. c6 Rb4+ 40. Ka3 Rc4 41. Rd5+ Kh4 42. Rd6 Kg5 43. Rd5+ Kf4 44. Rd6 a4 45. Rg6 Kf3 46. Rd6 g2 47. Rg6 Rxc6 48. Rxc6 g1=Q 49. Rc3+ Ke2 50. Kxa4 Kd2 51. Rc4 Kd3 52. Rb4 Kc3 53. Rb3+ Kc2 54. Rb5 Qa7+ 55. Ra5 Qb6 56. Rb5 Qa6+ 57. Ra5 Qc4+ 58. Ka3 Kd1 59. Rb5 Qc3+ 60. Rb3 Qa5+ 61. Kb2 Kd2 62. Kb1 Qc5 0-1

[Event "Mukachevo Rating March 2019"]
[Site "Mukachevo"]
[Date "2019.03.13"]
[Round "2.4"]
[White "Zambo, Zoltan Istvan"]
[Black "Shkuran, Danylo"]
[Result "1/2-1/2"]
[WhiteElo "2370"]
[BlackElo "2356"]
[Annotator "ChessBase"]
[PlyCount "133"]
[EventDate "2019.??.??"]
[EventCountry "UKR"]
[SourceTitle "playchess.com"]
[Source "ChessBase"]
[SourceQuality "1"]
[TimeControl "40/5400+30:900+30"]

1. Nf3 Nf6 2. d4 d5 3. c4 c6 4. e3 e6 5. Nbd2 Bd6 6. Bd3 Nbd7 7. O-O O-O 8. e4 dxe4 9. Nxe4 Nxe4 10. Bxe4 Qc7 11. Re1 Re8 12. Bc2 Nf8 13. Bd2 b6 14. Bc3 Ba6 15. b3 Rad8 16. Qe2 c5 17. dxc5 Qxc5 18. a4 Bb7 19. Rad1 Ng6 20. Be4 Bxe4 21. Qxe4 Bb8 22. g3 Qc8 23. a5 b5 24. Nd2 Rd7 25. Qf3 Red8 26. Qe2 Rd3 27. Rc1 Qb7 28. Ne4 bxc4 29. Nc5 Qd5 30. Nxd3 cxd3 31. Qe3 h5 32. Rcd1 h4 33. Qe4 Qb5 34. Qc4 Qf5 35. Re3 Nf4 36. Rd2 Qg4 37. Rdxd3 Rxd3 38. Rxd3 Kh7 39. f3 Qg6 40. Re3 hxg3 41. hxg3 Qxg3+ 42. Kf1 Qh3+ 43. Ke1 Ng2+ 44. Ke2 Nxe3 45. Kxe3 Qh6+ 46. Ke2 Bf4 47. Qd4 Qh2+ 48. Kd3 Qg3 49. Kc4 Bh6 50. Qxa7 Qxf3 51. Qd7 Qe4+ 52. Qd4 Qc6+ 53. Qc5 Qe4+ 54. Qd4 Qc6+ 55. Kb4 f5 56. Qc4 Qd6+ 57. Qc5 Qd3 58. Qe5 f4 59. Qd4 Qf5 60. a6 f3 61. Be1 e5 62. Qd5 f2 63. Bxf2 Qxf2 64. Qe4+ Kh8 65. Qa8+ Kh7 66. Qe4+ Kh8 67. Qa8+ 1/2-1/2

[Event "Mukachevo Rating March 2019"]
[Site "Mukachevo"]
[Date "2019.03.13"]
[Round "2.5"]
[White "Larkin, Vladyslav"]
[Black "Tiba, Vladyslav"]
[Result "1-0"]
[WhiteElo "2336"]
[BlackElo "2389"]
[Annotator "ChessBase"]
[PlyCount "93"]
[EventDate "2019.??.??"]
[EventCountry "UKR"]
[SourceTitle "playchess.com"]
[Source "ChessBase"]
[SourceQuality "1"]
[TimeControl "40/5400+30:900+30"]

1. d4 Nf6 2. Bf4 g6 3. e3 Bg7 4. h3 O-O 5. Nf3 d6 6. Nbd2 c5 7. c3 cxd4 8. cxd4 Nc6 9. Bc4 Qb6 10. Qb3 Qxb3 11. Nxb3 Bf5 12. a3 Rac8 13. Rc1 a6 14. O-O b5 15. Be2 Nd5 16. Bg3 Nb6 17. Nfd2 Na4 18. Bf3 Bd7 19. Rc2 Ne5 20. Be4 Rxc2 21. Bxc2 Nc4 22. Nxc4 bxc4 23. Nd2 Nxb2 24. Rb1 Rc8 25. Ne4 Nd3 26. Nc3 Bc6 27. Bd1 f5 28. Rb6 a5 29. Bh4 Kf7 30. Ra6 h6 31. Rxa5 Rb8 32. Ra6 Be4 33. Ba4 Rb2 34. Bb5 Bd5 35. Ra7 g5 36. a4 gxh4 37. Nxd5 Rb1+ 38. Kh2 Nxf2 39. Rxe7+ Kf8 40. g3 Rb2 41. Rb7 Ne4+ 42. Kg1 c3 43. Rb8+ Kf7 44. Nxc3 Nxc3 45. Be8+ Ke7 46. Rxb2 Kxe8 47. a5 1-0

[Event "Mukachevo Rating March 2019"]
[Site "Mukachevo"]
[Date "2019.03.14"]
[Round "3"]
[White "Tiba, Vladyslav"]
[Black "Vanczak, Tamas"]
[Result "1/2-1/2"]
[WhiteElo "2389"]
[BlackElo "2263"]
[Annotator "ChessBase"]
[PlyCount "67"]
[EventDate "2019.??.??"]
[EventCountry "UKR"]
[SourceTitle "playchess.com"]
[Source "ChessBase"]
[SourceQuality "1"]
[TimeControl "40/5400+30:900+30"]

1. e4 c6 2. d4 d5 3. Nc3 dxe4 4. Nxe4 Nf6 5. Nxf6+ exf6 6. c3 Bd6 7. Bd3 O-O 8. Ne2 Re8 9. Qc2 h6 10. O-O Qc7 11. h3 Nd7 12. Be3 b6 13. c4 c5 14. Nc3 cxd4 15. Nd5 Qd8 16. Bxd4 Bb7 17. Be4 Rb8 18. Rad1 Qc8 19. b3 Bxd5 20. Bxd5 Qc7 21. Be3 Ne5 22. Qf5 Bc5 23. Bc1 Qe7 24. Kh1 Kh8 25. Qh5 Qf8 26. f4 Ng6 27. f5 Ne5 28. Bf4 Kg8 29. Rfe1 Bd6 30. Re4 Rbd8 31. Rf1 Re7 32. Bd2 Nd3 33. Rd4 Nb4 34. Bxb4 1/2-1/2

[Event "Mukachevo Rating March 2019"]
[Site "Mukachevo"]
[Date "2019.03.14"]
[Round "3"]
[White "Shkuran, Danylo"]
[Black "Larkin, Vladyslav"]
[Result "1/2-1/2"]
[WhiteElo "2356"]
[BlackElo "2336"]
[Annotator "ChessBase"]
[PlyCount "60"]
[EventDate "2019.??.??"]
[EventCountry "UKR"]
[SourceTitle "playchess.com"]
[Source "ChessBase"]
[SourceQuality "1"]
[TimeControl "40/5400+30:900+30"]

1. e4 e5 2. Nf3 Nf6 3. Nxe5 d6 4. Nf3 Nxe4 5. Qe2 Qe7 6. d3 Nf6 7. Bg5 Nbd7 8. Nc3 Qxe2+ 9. Bxe2 Be7 10. O-O-O h6 11. Bh4 O-O 12. Nd4 Re8 13. Rde1 c6 14. Nf5 Bf8 15. Bf3 g5 16. Bg3 Ne5 17. Bxe5 Rxe5 18. Rxe5 dxe5 19. Ng3 Bd7 20. h3 Bc5 21. Rf1 Be6 22. Nce4 Nxe4 23. Bxe4 a5 24. a3 Rd8 25. Bf5 Bd5 26. Be4 Be6 27. Bf5 Bd5 28. Be4 Be6 29. Bf5 Bd5 30. Be4 Be6 1/2-1/2

[Event "Mukachevo Rating March 2019"]
[Site "Mukachevo"]
[Date "2019.03.14"]
[Round "3"]
[White "Vachylia, Andrii"]
[Black "Shankovskyi, Andrii"]
[Result "1/2-1/2"]
[WhiteElo "2268"]
[BlackElo "2347"]
[Annotator "ChessBase"]
[PlyCount "331"]
[EventDate "2019.??.??"]
[EventCountry "UKR"]
[SourceTitle "playchess.com"]
[Source "ChessBase"]
[SourceQuality "1"]
[TimeControl "40/5400+30:900+30"]

1. d4 d5 2. c4 e6 3. Nf3 Nf6 4. g3 dxc4 5. Bg2 Nbd7 6. Qa4 a6 7. Qxc4 b5 8. Qc6 Rb8 9. Bf4 Nd5 10. Bg5 Be7 11. Bxe7 Qxe7 12. Nc3 Nb4 13. Qe4 Bb7 14. Qb1 c5 15. dxc5 Nxc5 16. O-O O-O 17. h4 h6 18. a3 Nd5 19. Nxd5 Bxd5 20. b4 Na4 21. Rc1 Qb7 22. Ne1 Rfd8 23. Bxd5 Qxd5 24. Qd3 Qe5 25. Qf3 Rd2 26. Kf1 Nb2 27. Rc5 Qd4 28. Rc7 Rf8 29. Qc3 Qe4 30. Qf3 Rxe2 31. Qxe4 Rxe4 32. Ra7 Rd8 33. Rxa6 Nc4 34. a4 bxa4 35. b5 Nd2+ 36. Kg2 Nb3 37. Rb1 Rb8 38. b6 g6 39. Nc2 Rc4 40. Rb2 Kg7 41. Ne3 Rb4 42. Nc2 R4xb6 43. Rxa4 Nc5 44. Rxb6 Rxb6 45. Rc4 Nd3 46. Rc7 Rb2 47. Rc3 Ne5 48. Ne3 Ra2 49. Kf1 h5 50. Kg2 Kf6 51. Rb3 Rd2 52. Nf1 Ra2 53. Ne3 Nd7 54. Rc3 Ke7 55. Nc4 Nc5 56. Re3 f6 57. Kg1 Rc2 58. Na3 Rc1+ 59. Kg2 e5 60. Nb5 Kd7 61. Nc3 Ke6 62. Ne4 Nd7 63. Ra3 Rc6 64. Ra8 Kf5 65. Rd8 Nb6 66. Nd2 Na4 67. Nf1 Ke6 68. Re8+ Kf7 69. Ra8 Nc5 70. Ra7+ Kf8 71. Ne3 Rd6 72. Rc7 Ne4 73. Kf3 f5 74. Nc4 Re6 75. Ke3 Nf6 76. Ke2 Ng4 77. Ne3 Nf6 78. Nc4 e4 79. Ne3 Re7 80. Rc5 Ra7 81. Rc6 Kg7 82. Ke1 Rb7 83. Rd6 Ng8 84. Nd5 Kf7 85. Kf1 Rb1+ 86. Ke2 Rb2+ 87. Ke1 Nh6 88. Ne3 Rb7 89. Ke2 Kg7 90. Rc6 Nf7 91. Nc4 Re7 92. Rc8 Re6 93. Rc7 Kf6 94. Ne3 Rd6 95. Nc4 Ra6 96. Rb7 Nd8 97. Rd7 Ne6 98. Rd5 Ra4 99. Nb6 Rd4 100. Ra5 Ke7 101. Nd5+ Kd6 102. Nf4 Nxf4+ 103. gxf4 Ke6 104. f3 Rd3 105. Ra6+ Kf7 106. Ra7+ Kf6 107. Ra6+ Kg7 108. Ra7+ Kh6 109. fxe4 fxe4 110. Re7 Rh3 111. Rxe4 Rxh4 112. Kf3 Rh3+ 113. Kg2 Ra3 114. Re6 Kg7 115. Rb6 Kf7 116. Rc6 Re3 117. Kf2 Re6 118. Rc8 Ra6 119. Kf3 Kf6 120. Rf8+ Kg7 121. Rc8 Ra3+ 122. Kg2 Kf6 123. Rf8+ Ke7 124. Rg8 Kf7 125. Rb8 Ke6 126. Rf8 Ke7 127. Rg8 Kf7 128. Rb8 Rd3 129. Rb6 Re3 130. Kf2 Re6 131. Rb8 Ra6 132. Kf3 Kg7 133. Rc8 Rd6 134. Rb8 Kf7 135. Rc8 Ke6 136. Rf8 Kd5 137. Re8 Ra6 138. Re5+ Kd4 139. Re4+ Kd3 140. Re5 Kd2 141. Rg5 Rf6 142. Rd5+ Ke1 143. Re5+ Kd2 144. Rd5+ Kc3 145. Kg3 Kc4 146. Rg5 Kd4 147. f5 h4+ 148. Kxh4 gxf5 149. Kh3 Ke3 150. Kg2 Kf4 151. Rg3 Re6 152. Rf3+ Ke4 153. Kf2 f4 154. Ra3 Rh6 155. Rb3 Rh2+ 156. Kf1 Kf5 157. Ra3 Kg4 158. Rb3 Rd2 159. Ra3 Rb2 160. Rc3 Rb4 161. Kf2 f3 162. Rc8 Rb2+ 163. Kf1 Rb4 164. Kf2 Rb2+ 165. Kf1 Kg3 166. Rg8+ 1/2-1/2

[Event "Mukachevo Rating March 2019"]
[Site "Mukachevo"]
[Date "2019.03.14"]
[Round "3"]
[White "Terletsky, Oleg"]
[Black "Zambo, Zoltan Istvan"]
[Result "1-0"]
[WhiteElo "2264"]
[BlackElo "2370"]
[Annotator "ChessBase"]
[PlyCount "77"]
[EventDate "2019.??.??"]
[EventCountry "UKR"]
[SourceTitle "playchess.com"]
[Source "ChessBase"]
[SourceQuality "1"]
[TimeControl "40/5400+30:900+30"]

1. e4 c5 2. Nf3 d6 3. Nc3 Nf6 4. g3 Bd7 5. Bg2 Nc6 6. O-O Qc8 7. d4 cxd4 8. Nxd4 Bh3 9. Bg5 Bxg2 10. Kxg2 Qg4 11. Bxf6 Qxd1 12. Raxd1 gxf6 13. Nd5 O-O-O 14. f4 Rd7 15. Rf3 Nxd4 16. Rxd4 Bg7 17. f5 e6 18. Rc4+ Kb8 19. Nxf6 Re7 20. fxe6 fxe6 21. e5 dxe5 22. Ne4 Rd8 23. Rfc3 a6 24. a4 Rd4 25. Kf3 Rf7+ 26. Ke2 Rfd7 27. a5 R7d5 28. b4 Rb5 29. Ng5 Rxb4 30. Rc8+ Ka7 31. Nxe6 Rd7 32. Rg8 Bh6 33. Rcc8 b6 34. Ra8+ Kb7 35. Rgc8 Rd2+ 36. Kf3 e4+ 37. Kg4 e3+ 38. Kh3 Rd7 39. Rab8+ 1-0